| 000 | 01060nam a22002777a 4500 | ||
|---|---|---|---|
| 001 | 8096 | ||
| 003 | FISKH | ||
| 005 | 20260323120832.0 | ||
| 008 | 250822b cb ||||| |||| 00| 0 eng d | ||
| 040 |
_aFISKH _bkhr _cFISKH _dFISKH |
||
| 050 | _aPZ7 | ||
| 082 | _a915.96 | ||
| 100 | _aMinistry of Education , Youth and Sports | ||
| 245 |
_aទៅលេងសមុទ្រ / _cក្រសួងអប់រំយុវជន និងកីឡា |
||
| 260 |
_aភ្នំពេញ : _bក្រសួងអប់រំយុវជន និងកីឡា , |
||
| 300 |
_a16 pages : _bcolor illustrations ; _c25 cm . |
||
| 505 | _aK | ||
| 520 | _aម្តាយរបស់ឆាំសន្យាថានឺងនាំឆាំទៅលេងសមុទ្រ ។ | ||
| 520 | _aCham’s mother promised to take him to the beach. | ||
| 521 | 8 |
_a510
_bLexile estimate |
|
| 521 | 8 |
_aK
_bRaz-Plus |
|
| 650 | _aទៅលេងសមុទ្រ | ||
| 650 | _aGo to the beach | ||
| 942 |
_2ddc _cBK _n0 |
||
| 999 |
_c8096 _d8096 |
||